000 00271nam a22001217a 4500
008 181003b xxu||||| |||| 00| 0 eng d
041 _aeng
080 _a316
100 _a50
101 _aSOC
245 _aContemporary Sociological Theory
_cWolf.A
942 _2udc
_cBK
999 _c48791
_d48791